000 00292nam a22001337a 4500
008 170719b xxu||||| |||| 00| 0 eng d
020 _a019503340X
041 _aeng
080 _a2
100 _a24
101 _aTEO
245 _aVOICES OF RESURGENT ISLAM
_cESPOSITO,J.L
942 _2udc
_cBK
999 _c21620
_d21620